Najpopularniejsze słówka w hiszpańskim #2 - Statystyki

Ogólne statystyki
  • Ten quiz został rozwiązany 20 razy
    9 od ostatniego zresetowania
  • Średni wynik to 11 z 20
Statystyki odpowiedzi
Hint Odpowiedź % Poprawnych
Dwa Dos
100%
El pais Kraj
100%
La ciudad Miasto
100%
El trabajo Praca
100%
Pięć Cinco
75%
Pomaranczowy Naranja
75%
Czarny Negro
75%
El mundo Świat
75%
Zielony Verde
75%
Łazienka El bano
67%
Uno Jeden
67%
El gato Kot
67%
Żółty Amarillo
60%
Dom La casa
60%
Rojo Czerwony
50%
Woda El agua
50%
Rok El ano
50%
Ojciec El padre
50%
Przyjaciółka La amiga
50%
Pies El perro
40%
Jedzenie La comida
33%
Szkoła La escuela
33%
Azul Niebieski
33%
Matka La madre
25%
Miesiąc El mes
20%
Napój La bebida
20%
Chłopiec El nino
0%
Pociąg El tren
0%
Ulica La calle
0%
Nie znaleziono quizów pasujących do podanych kryteriów
Rozkład punktacji
Procent ludzi z każdym wynikiem
Percentyl według liczby udzielonych odpowiedzi
Twoja historia wyników
Nie rozwiązałeś tego quizu od ostatniego zresetowania